000 00906nam a2200265Ia 4500
003 OSt
005 20220928130748.0
006 a|||||r|||| 00| 0
007 ta
008 220927b |||||||| |||| 00| 0 eng d
020 _c5018.4894999999997
024 _a113107
037 _b149, 09/11/2011, Classic Book Service
_cTextual
040 _aSDCL
_cSDCL
_beng
041 _2eng
_aeng
082 _aS8:771g, Q1
100 _aCox W Miles Ed.
_9475984
245 0 _aHandbook of motivational counseling
_b Goal-based approaches to assessment and intervention with addiction and other problems.
260 _aChichester
_bWiley-Blackwell
_c2011
300 _axxii,641p.
_ccm.
650 _aPsychology
700 _a Klinger Eric Ed.
_9475985
942 _hS8:771g, Q1
_cTEXL
_2CC
999 _c788440
_d788440